| 000 | 00514nam a2200205Ia 4500 | ||
|---|---|---|---|
| 005 | 20251121153240.0 | ||
| 008 | 230125s9999 xx 000 0 und d | ||
| 020 | _a9788184956528 | ||
| 041 | _aeng | ||
| 082 |
_a158.1 _bVAS |
||
| 100 |
_aVaswani J P _9215316 |
||
| 245 | _a100 Stories You will never forget | ||
| 250 | _aEd.1st | ||
| 260 |
_c2016 _bJaico Publishing House _aMumbai |
||
| 300 | _a204p | ||
| 500 | _aPersonality Development | ||
| 700 |
_aVaswani J P _9215316 |
||
| 906 | _b92.69 | ||
| 942 | _cBK | ||
| 999 |
_c94734 _d94734 |
||